Strzelcy bramek w 2 kolejce Ekstraklasy 2021/22 - Statystyki

Ogólne statystyki
  • Ten quiz został rozwiązany 19 razy
  • Średni wynik to 14 z 27
Statystyki odpowiedzi
Mecz Piłkarz % Poprawnych
Górnik Zabrze - Lech Poznań 1:2 Ishak
83%
Górnik Zabrze - Lech Poznań 1:1 Kamiński
78%
Zagłębie Lubin - Górnik Łęczna 1:0 Szysz
78%
Zagłębie Lubin - Górnik Łęczna 3:1 Szysz
78%
Górnik Zabrze - Lech Poznań 1:0 Jimenez
72%
Cracovia - Śląsk Wrocław 0:2 Exposito
56%
Jagiellonia Białystok - Raków Częstochowa 2:0 Imaz
56%
Termalica - Wisła Kraków 2:2 Sadlok
56%
Górnik Zabrze - Lech Poznań 1:3 Skóraś
56%
Radomiak Radom - Legia Warszawa 2:0 Angielski
50%
Zagłębie Lubin - Górnik Łęczna 1:1 Banaszak
50%
Warta Poznań - Pogoń Szczecin 0:1 Drygas
50%
Warta Poznań - Pogoń Szczecin 1:1 Ivanov
50%
Cracovia - Śląsk Wrocław 0:1 Pich
50%
Termalica - Wisła Kraków 1:0 Radwański
50%
Radomiak Radom - Legia Warszawa 3:1 Sokół
50%
Termalica - Wisła Kraków 2:1 Wlazło
50%
Lechia Gdańsk - Wisła Płock 1:0 (Bramka Samobójcza) Kocyła
44%
Radomiak Radom - Legia Warszawa 1:0 Radecki
44%
Jagiellonia Białystok - Raków Częstochowa 1:0 Romanczuk
39%
Jagiellonia Białystok - Raków Częstochowa 3:0 Romanczuk
39%
Cracovia - Śląsk Wrocław 1:2 van Amersfoort
39%
Radomiak Radom - Legia Warszawa 2:1 Nawrocki
33%
Stal Mielec - Piast Gliwice 0:2 Pyrka
33%
Stal Mielec - Piast Gliwice 0:1 Vida
33%
Termalica - Wisła Kraków 1:1 Zhukov
33%
Zagłębie Lubin - Górnik Łęczna 2:1 Zivec
33%
Nie znaleziono quizów pasujących do podanych kryteriów
Rozkład punktacji
Procent ludzi z każdym wynikiem
Percentyl według liczby udzielonych odpowiedzi
Twoja historia wyników
Nie rozwiązałeś tego quizu